000 00513nam a2200193Ia 4500
008 140110s9999 xx 000 0 und d
020 _a9788175220478
_cRs.400.00
040 _aLoreto College
041 _aEnglish
082 _a891.44/TAG
_bLCBED/14932
100 _aTagore, Rabindra Nath
245 _aSanchayita
_cRabindra Nath Tagore
250 _a10th ed.
260 _aKolkata
_bBiswabharti
_c2011
300 _a916p.
_c21cm.
650 _aBengali language
850 _aLCBED/891.44/TAG
942 _cBK
999 _c38293
_d88772